[Event "Warsaw Maciei Memorial"]
[Site "Warsaw"]
[Date "2021.07.09"]
[Round "1"]
[White "Zdybel, Przemyslaw"]
[Black "Gumularz, Szymon"]
[Result "0-1"]
[WhiteElo "1923"]
[BlackElo "2515"]
[PlyCount "44"]
[EventDate "2021.07.09"]
[EventType "swiss (blitz)"]
[EventRounds "11"]
[EventCountry "POL"]
[SourceTitle "CBM 203 Extra"]
[Source "ChessBase"]
[SourceDate "2021.09.30"]
[SourceVersion "1"]
[SourceVersionDate "2021.09.30"]
[SourceQuality "1"]

1. e4 g6 2. d4 Bg7 3. Nc3 d6 4. f4 Nf6 5. Nf3 0-0 6. e5 dxe5 7. fxe5 Nd5 8. Bc4 Nxc3 9. bxc3 Bg4 10. 0-0 c5 11. Be3 Nc6 12. Rb1 Qc7 13. Qe2 Rad8 14. Qf2 cxd4 15. cxd4 Nxd4 16. Nd2 Bxe5 17. Bxf7+ Kh8 18. Qh4 Nf5 19. Qxg4 Nxe3 20. Qh3 Rxd2 21. Bxg6 Rxf1+ 22. Rxf1 Rxg2+ 0-1

[Event "Warsaw YMCA Winter-A 236th"]
[Site "Warsaw"]
[Date "2021.02.19"]
[Round "5"]
[White "Zdybel, Przemyslaw"]
[Black "Bujalski, Mateusz"]
[Result "1-0"]
[WhiteElo "1848"]
[BlackElo "1897"]
[PlyCount "53"]
[EventDate "2021.01.22"]
[EventType "tourn"]
[EventRounds "11"]
[EventCountry "POL"]
[SourceTitle "EXT 2022"]
[Source "ChessBase"]
[SourceDate "2021.10.06"]
[SourceVersion "1"]
[SourceVersionDate "2021.10.06"]
[SourceQuality "1"]

1. e4 c6 2. Nf3 d5 3. Nc3 Nf6 4. e5 Nfd7 5. e6 fxe6 6. d4 Nf6 7. Bd3 Na6 8. Ne5 Nb4 9. g4 Nxd3+ 10. Qxd3 Qb6 11. g5 Nd7 12. Bf4 g6 13. Nxd7 Bxd7 14. Be5 Rg8 15. Qh3 Bg7 16. Qxh7 Kf8 17. 0-0-0 Bxe5 18. dxe5 Qb4 19. Ne2 Qg4 20. Rd4 Qxg5+ 21. Rf4+ Qxf4+ 22. Nxf4 Rg7 23. Qh8+ Rg8 24. Qh3 Kf7 25. Rg1 Raf8 26. Nxg6 Ke8 27. Qh7 1-0